خو ا ب پلکو ں میں (Record no. 147973)
[ view plain ]
| 000 -LEADER | |
|---|---|
| fixed length control field | 00715nam a22001937a 4500 |
| 005 - DATE AND TIME OF LATEST TRANSACTION | |
| control field | 20171213113615.0 |
| 010 ## - LCCN (DPL NO) | |
| LC control number | UR-9966 |
| 020 ## - INTERNATIONAL STANDARD BOOK NUMBER | |
| Terms of availability | 300.00 |
| International Standard Book Number | 9788186346 |
| 035 ## - SYSTEM CONTROL NUMBER | |
| System control number | U-8521 |
| 037 ## - SOURCE OF ACQUISITION | |
| Source of stock number/acquisition | DBAD/PUB |
| Stock number | http://192.168.1.99:8131/cgi-bin/koha/cataloguing/addbiblio.pl?biblionumber=147970&op=duplicate# |
| 100 ## - MAIN ENTRY--PERSONAL NAME | |
| Personal name | و شا ل کھلر |
| 245 ## - TITLE STATEMENT | |
| Title | خو ا ب پلکو ں میں |
| Statement of responsibility, etc | و شا ل کھلر |
| 246 ## - VARYING FORM OF TITLE | |
| Remainder of title | Khwaab Palkon mein |
| Title proper/short title | by Vishal khullar |
| 260 ## - PUBLICATION, DISTRIBUTION, ETC. (IMPRINT) | |
| Place of publication, distribution, etc | Ludhiana |
| Name of publisher, distributor, etc | Insha Publications |
| Date of publication, distribution, etc | 2017 |
| 270 ## - ADDRESS | |
| Address | 25-B,Zakaria Street, |
| City | Kolkata |
| Postal code | 110025 |
| Telephone number | 9463681801 |
| Fax number | - |
| 300 ## - PHYSICAL DESCRIPTION | |
| Extent | 176ص |
| Dimensions | 22 Cm.(B.b) |
| 500 ## - GENERAL NOTE | |
| General note | دو حصہ |
| 942 ## - ADDED ENTRY ELEMENTS (KOHA) | |
| Source of classification or shelving scheme | Dewey Decimal Classification |
| Item type | Urdu Bks |
| Classification part | 841 |
| Call number suffix | ک ھ ل |
| Withdrawn status | Lost status | Not for loan | Collection code | Home library | Current library | Date acquired | Source of acquisition | Cost, normal purchase price | Full call number | Barcode | Copy number | Cost, replacement price | Koha item type |
|---|---|---|---|---|---|---|---|---|---|---|---|---|---|
| Non-fiction | Central Library | Central Library | 13/12/2017 | DBAD/PUB. | 300.00 | 841 ک ھ ل | U-8521 | 1 | 300.00 | Urdu Bks |
